000
00327 a2200157 4500
001
155291
040
_c
Escola São Tomás de Aquino
100
_a
GIOVANNI, José Ruy
240
1
0
_a
Matemática
_l
por
245
1
0
_a
Matemática
300
_a
335
362
0
_a
2005
440
1
_a
FTD
697
_a
MATEMÁTICA
942
_c
BK
999
_c
155291
_d
155291